00400nam a2200133Ia 4500082001900000100003100019245006700050260004600117300001300163650002400176650002600200650002400226650001600250 a340.0934 JOS-S aJoshi, Mahadev Narayanarao 0aSources and systems of law and administration in ancient India aJamakhandibBhalachandra Prakashanac2006 avii, 127 aLaw, AncientvIndia aLawvHistoryvSources aLawvIndiavHistory aLegislation